RZECZY Z RZECZĄ W ŚRODKU - Statystyki

Ogólne statystyki
  • Ten quiz został rozwiązany 30 razy
  • Średni wynik to 3 z 8
Statystyki odpowiedzi
Odpowiedź % Poprawnych
MATRIOSZKA | BABA W BABIE
58%
PUDEŁKO
58%
SZAFA
47%
PREZENT
42%
KINDER NIESPODZIANKA
37%
PLECAK
32%
REKLAMÓWKA
11%
DAMSKA TOREBKA
5%
Nie znaleziono quizów pasujących do podanych kryteriów
Rozkład punktacji
Procent ludzi z każdym wynikiem
Percentyl według liczby udzielonych odpowiedzi
Twoja historia wyników
Nie rozwiązałeś tego quizu